| 000 | 00517nam a22001937a 4500 | ||
|---|---|---|---|
| 003 | LK-CoDNM | ||
| 005 | 20250131124812.0 | ||
| 008 | 250129b |||||||| |||| 00| 0 eng d | ||
| 040 |
_aLK-CoDNM _dLK-CoDNM _eLK-CoDNM |
||
| 041 | _aeng | ||
| 080 |
_a13 _bO34 |
||
| 100 | _aOverholser, Winfred | ||
| 245 | _aHandbook of Psychiatry | ||
| 260 |
_aLondon; Philadelphia; Montreal _bJ. B. Lippincott Company |
||
| 300 | _axiii, 252p : 23.5 cm | ||
| 650 | _aPsychology | ||
| 700 | _aWinifred V. Richmond | ||
| 942 | _cBK | ||
| 999 |
_c237733 _d237733 |
||